00673nam a2200217Ia 4500003000400000005001700004008004100021020001800062040000700080041000800087082001500095100002800110245004200138260004100180300001600221365001300237906004200250942001200292999001900304952013200323OSt20230411113933.0210423s2008 xx 000 0 und d a9788178298962 cAL aeng a658.4 SINJ aSINHA (Jai B P).986037 aCulture and organizational behaviour. aLos AngelesbSage Publicationsc2008 axix,426bPB b395cINR abehaviour. ; Culture ; organizational 2ddccBK c158455d158455 001040708MCOMaSACPGbSACPGd2010-07-29eAthulya Booksg395.00l0o658.4 SINJpPG004932r2022-08-24 00:00:00w2021-04-26yBK